Pohľad na súčasnú úroveň rozpočtovania režijných nákladov v systéme plánov a rozpočtov vo výrobnom podniku
Sústredenie sa podnikov na podstatu – riadenie nákladov. Výrazné zmeny v štruktúre nákladov z titulu rozsahu režijných činností vykonávaných podnikom a zmien v štruktúre výkonov, ktoré sa prejavili diferenciáciou výrobkov. Využívanie metód rozpočtovania a kalkulovania a ďalších metód a techník pre p...
Guardado en:
| Autor principal: | |
|---|---|
| Formato: | Capítulo de libro |
| Lenguaje: | eslovaco |
| Materias: | |
| Etiquetas: |
Sin Etiquetas, Sea el primero en etiquetar este registro!
|
MARC
| LEADER | 00000nla a2200000 4500 | ||
|---|---|---|---|
| 001 | 0224146 | ||
| 005 | 20240502073653.1 | ||
| 041 | 0 | |a slo | |
| 044 | |a SK | ||
| 245 | 1 | 0 | |a Pohľad na súčasnú úroveň rozpočtovania režijných nákladov v systéme plánov a rozpočtov vo výrobnom podniku |c Elena Moravčíková |
| 520 | |a Sústredenie sa podnikov na podstatu – riadenie nákladov. Výrazné zmeny v štruktúre nákladov z titulu rozsahu režijných činností vykonávaných podnikom a zmien v štruktúre výkonov, ktoré sa prejavili diferenciáciou výrobkov. Využívanie metód rozpočtovania a kalkulovania a ďalších metód a techník pre potreby riadenia nákladov. Kontrola rozpočtov. | ||
| 610 | 2 | 0 | |a náklady režijné |
| 610 | 2 | 0 | |a rozpočty |
| 610 | 2 | 0 | |a rozpočtovanie |
| 610 | 2 | 0 | |a riadenie |
| 610 | 2 | 0 | |a plán |
| 610 | 2 | 0 | |a kontrola |
| 610 | 2 | 0 | |a podnik výrobný |
| 100 | 1 | |a Moravčíková, Elena, 1967- | |